Molecular patterns in the evolution of serrated lesion of the colorectum
Saved in:
| Other Authors: | |
|---|---|
| Format: | Article (Journal) |
| Language: | English |
| Published: |
2013
|
| In: |
International journal of cancer
Year: 2013, Volume: 132, Issue: 8, Pages: 1800-1810 |
| ISSN: | 0020-7136 |
| Online Access: |
|
| Author Notes: | Gaiser, Timo ... |
MARC
| LEADER | 00000caa a22000002c 4500 | ||
|---|---|---|---|
| 001 | 1450407021 | ||
| 003 | DE-627 | ||
| 005 | 20240705203343.0 | ||
| 007 | tu | ||
| 008 | 130326s2013 xx ||||| 00| ||eng c | ||
| 035 | |a (DE-627)1450407021 | ||
| 035 | |a (DE-576)380407027 | ||
| 035 | |a (DE-599)BSZ380407027 | ||
| 035 | |a (OCoLC)1340459251 | ||
| 040 | |a DE-627 |b ger |c DE-627 |e rakwb | ||
| 041 | |a eng | ||
| 084 | |a 33 |2 sdnb | ||
| 245 | 0 | 0 | |a Molecular patterns in the evolution of serrated lesion of the colorectum |c Gaiser, Timo ... |
| 264 | 1 | |c 2013 | |
| 300 | |a 11 | ||
| 336 | |a Text |b txt |2 rdacontent | ||
| 337 | |a ohne Hilfsmittel zu benutzen |b n |2 rdamedia | ||
| 338 | |a Band |b nc |2 rdacarrier | ||
| 700 | 1 | |a Gaiser, Timo |d 1975- |0 (DE-588)1030402280 |0 (DE-627)735221685 |0 (DE-576)378226533 |4 oth | |
| 773 | 0 | 8 | |i In |t International journal of cancer |d Malden, Mass. : Wiley-Blackwell, 1966 |g 132(2013), 8, Seite 1800-1810 |w (DE-627)129545937 |w (DE-600)218257-9 |w (DE-576)014996235 |x 0020-7136 |7 nnas |a Molecular patterns in the evolution of serrated lesion of the colorectum |
| 773 | 1 | 8 | |g volume:132 |g year:2013 |g number:8 |g pages:1800-1810 |g extent:11 |a Molecular patterns in the evolution of serrated lesion of the colorectum |
| 776 | 0 | 8 | |i Erscheint auch als |n Online-Ausgabe |a Gaiser, Timo, 1975 - |t Molecular patterns in the evolution of serrated lesion of the colorectum |d 2013 |w (DE-627)1576176851 |w (DE-576)506176851 |
| 951 | |a AR | ||
| 992 | |a 20130326 | ||
| 993 | |a Article | ||
| 998 | |g 1030402280 |a Gaiser, Timo |m 1030402280:Gaiser, Timo |d 60000 |d 63400 |e 60000PG1030402280 |e 63400PG1030402280 |k 0/60000/ |k 1/60000/63400/ |p 1 |x j | ||
| 999 | |a KXP-PPN1450407021 |e 2742196110 | ||
| BIB | |a Y | ||
| SER | |a journal | ||
| JSO | |a {"type":{"bibl":"article-journal"},"language":["eng"],"name":{"displayForm":["Gaiser, Timo ..."]},"title":[{"title_sort":"Molecular patterns in the evolution of serrated lesion of the colorectum","title":"Molecular patterns in the evolution of serrated lesion of the colorectum"}],"id":{"eki":["1450407021"]},"relHost":[{"pubHistory":["1.1966 -"],"disp":"Molecular patterns in the evolution of serrated lesion of the colorectumInternational journal of cancer","name":{"displayForm":["International Union against Cancer"]},"recId":"129545937","origin":[{"publisherPlace":"Malden, Mass. ; Geneva ; New York, NY ; New York, NY","publisher":"Wiley-Blackwell ; UICC ; Liss ; Wiley-Liss","dateIssuedDisp":"1966-","dateIssuedKey":"1966"}],"part":{"year":"2013","volume":"132","issue":"8","extent":"11","text":"132(2013), 8, Seite 1800-1810","pages":"1800-1810"},"corporate":[{"display":"International Union against Cancer","role":"isb"}],"note":["Repr.: Amsterdam : Swets & Zeitlinger","Darin ab 84.1999 als Section: Predictive oncology; ab 85.2000: Radiation oncology investigations"],"title":[{"title_sort":"International journal of cancer","subtitle":"IJC","title":"International journal of cancer"}],"id":{"zdb":["218257-9"],"issn":["0020-7136"],"eki":["129545937"]},"titleAlt":[{"title":"Predictive oncology"},{"title":"Radiation oncology investigations"},{"title":"IJC"},{"title":"Journal international du cancer"}],"type":{"bibl":"periodical"},"language":["eng","fre"]}],"physDesc":[{"extent":"11 S."}],"recId":"1450407021","person":[{"given":"Timo","display":"Gaiser, Timo","family":"Gaiser","role":"oth"}],"origin":[{"dateIssuedKey":"2013","dateIssuedDisp":"2013"}]} | ||
| SRT | |a MOLECULARP2013 | ||